| 000 | 00980nam a2200265 i 4500 | ||
|---|---|---|---|
| 001 | 74350 | ||
| 003 | ES-MaACL | ||
| 005 | 20251122063117.0 | ||
| 007 | t| | ||
| 008 | 040917s1959 sp ||||1| spa d | ||
| 080 | _a61(088.3) | ||
| 100 | 1 |
_aGonzález de Godoy, Pedro de _958542 |
|
| 245 | 1 | 0 |
_aDiscursos serio-iocosos sobre el agua de la vida _b: (1682) / _cpor Pedro González de Godoy. |
| 260 |
_aMadrid : _bSociedad de Bibliófilos Españoles, _c1959 ( _fImp. Ibérica E. Maestre) |
||
| 300 |
_a183 p. ; _c26 cm. |
||
| 490 | 1 |
_aSociedad de Biblióficos Españoles. Tercera época ; _v2 |
|
| 650 | 4 |
_aMedicina- _vCuriosidades. _9148883 |
|
| 650 | 4 |
_aMedicina- _vObras anteriores a 1800 _914912 |
|
| 710 | 2 |
_aSociedad de Bibliófilos Españoles. _96661 |
|
| 830 | 1 |
_aSociedad de Biblióficos Españoles. Tercera época ; _v2 _9231212 |
|
| 852 | 4 |
_aES-MaACL _jE-4525 |
|
| 852 | 4 |
_aES-MaACL _jE-4526 |
|
| 852 | 4 |
_aES-MaACL _jJ-7(III-2) |
|
| 999 |
_c74350 _d74350 |
||